Moderne Länder des Umayyaden Reiches auf einer Karte - Statistiken

Allgemein
  • Dieses Quiz wurde 278 mal gespielt
  • Das Durchschnittsergebnis liegt bei 35 aus 36
Antworten auf der Karte
Die Antworten werden auf der Karte rot bzw. grün angezeigt, abhängig davon wie oft sie richtig erraten wurden.
 
Antwortstatistiken
Land % Korrekt
Ägypten
100%
Frankreich
100%
Irak
100%
Iran
100%
Israel
100%
Libyen
100%
Marokko
100%
Portugal
100%
Spanien
100%
Tunesien
100%
Algerien
99%
Jordanien
99%
Oman
99%
Saudi Arabien
99%
Syrien
99%
Afghanistan
98%
Armenien
98%
Georgien
98%
Indien
98%
Jemen
98%
Katar
98%
Libanon
98%
Pakistan
98%
Türkei
98%
Zypern
98%
Andorra
97%
Aserbaidschan
97%
Kuwait
97%
Turkmenistan
97%
Vereinigte Arabische Emirate
97%
Russland
96%
Usbekistan
96%
Kasachstan
95%
Kirgisistan
95%
Tadschikistan
95%
Bahrain
89%
Keine übereinstimmenden Quizze gefunden
Verteilung der Resultate
Anzahl Personen mit jedem Resultat
Perzentil nach korrekt beantworteten Fragen
Ihre Resultats-Entwicklung
Sie haben dieses Quiz noch nicht gespielt